Nobel Prize Library. 3V (Record no. 191589)

MARC details
000 -LEADER
fixed length control field 00319nam a2200133Ia 4500
008 - FIXED-LENGTH DATA ELEMENTS--GENERAL INFORMATION
fixed length control field 230917s9999||||xx |||||||||||||| ||und||
040 ## - CATALOGING SOURCE
-- 150937
Original cataloging agency VIVEKANANDA LIBRARY
041 ## - Language
-- English
082 ## - DDC NUMBER
Classification number 809.2 N665N
245 #0 - TITLE STATEMENT
Title Nobel Prize Library. 3V
260 ## - PUBLICATION, DISTRIBUTION, ETC. (IMPRINT)
Place of publication, distribution, etc New York
Name of publisher, distributor, etc Alexis Gregory
Date of publication, distribution, etc 1971
300 ## - PHYSICAL DESCRIPTION
Pages v. p.
942 ## - ADDED ENTRY ELEMENTS (KOHA)
Koha item type Books
Holdings
Withdrawn status Lost status Damaged status Not for loan Location (home branch) Sublocation or collection (holding branch) Date acquired Koha issues (times borrowed) Koha full call number Accession No. Koha date last seen Koha item type
        VIVEKANANDA LIBRARY VIVEKANANDA LIBRARY 05/04/2010   809.2 N665N 48938 17/09/2023 Books
        VIVEKANANDA LIBRARY VIVEKANANDA LIBRARY 05/04/2010   809.2 N665N 48939 17/09/2023 Books
        VIVEKANANDA LIBRARY VIVEKANANDA LIBRARY 05/04/2010   809.2 N665N 48940 17/09/2023 Books
© Designed and Maintained by Vivekananda Library, MDU Rohtak